000 00314nam a2200133 i 4500
001 bg
100 1 _aŚWIĄTKOWSKI, A.
245 0 _aZasady prawa dla ekonomistów /
_cA. Świątkowski.
260 _aWarszawa,
_c1988.
040 _cBPK
041 _apol
942 _cKS
008 s pl f |000 0 pol
999 _c3835
_d3835
856 _uhttp://koha.tu.koszalin.pl/cgi-bin/koha/opac-detail.pl?biblionumber=3835
_yKatalog online BPK